00490nam a2200205Ia 4500008004100000020001800041050001600059100001900075245002800094245002200122260001500144260001800159260000900177300001500186300002000201300001000221300003900231440000600270500000800276170918s9999 xx 000 0 und d a9780545288729 bM482oc 2010 aMeadows, Daisy aAmelie the seal fairy / cby Daisy Meadows. aNew York : bLittle Apple, c2010 a65 pages : billustrations ; c19cm. eRainbow Magic : The ocean faries ; a2 a770